Indian Dance : Through Critic's Eye (Record no. 12866)

MARC details
000 -LEADER
fixed length control field 00361nam a22001457a 4500
003 - CONTROL NUMBER IDENTIFIER
control field OSt
008 - FIXED-LENGTH DATA ELEMENTS--GENERAL INFORMATION
fixed length control field 240830b |||||||| |||| 00| 0 eng d
020 ## - INTERNATIONAL STANDARD BOOK NUMBER
International Standard Book Number 9788123024318
082 ## - DEWEY DECIMAL CLASSIFICATION NUMBER
Classification number 793.3195
Item number VEI
100 ## - MAIN ENTRY--PERSONAL NAME
Personal name VENKATARAMAN, Leela
245 ## - TITLE STATEMENT
Title Indian Dance : Through Critic's Eye
260 ## - PUBLICATION, DISTRIBUTION, ETC. (IMPRINT)
Place of publication, distribution, etc New Delhi:
Name of publisher, distributor, etc MIABGI,
Date of publication, distribution, etc 2017.
300 ## - PHYSICAL DESCRIPTION
Extent 205p.
942 ## - ADDED ENTRY ELEMENTS (KOHA)
Source of classification or shelving scheme Dewey Decimal Classification
Koha item type Text Books
Holdings
Withdrawn status Lost status Source of classification or shelving scheme Damaged status Not for loan Collection code Home library Current library Date acquired Source of acquisition Currency Cost, normal purchase price Bill Number Total Checkouts Full call number Acc. no. / Barcode Date last seen Actual Cost, discounted price Bill Date Koha item type
    Dewey Decimal Classification     IKS- Indian Knowledge System PIET C-LIBRARY PIET C-LIBRARY 30/08/2024 Zafaa Books and Distributors INR 860.00 ZBD0153   793.3195 VEI 38433 30/08/2024 688.00 24/08/2024 Text Books

Design & Developed by: PIET Central Library
R70 Miles Stone Pattikalyana Samalkha Panipat 132102
mail ID :- [email protected], Phone No:- 0180-2569700 Ex.216